000 00685nam a2200265Ia 4500
005 20260302115640.0
008 008 260114s9999 xx 000 0 eng d
020 _a9798216014096
037 _aTextbook
040 _aCRL
040 _beng
040 _cCRL
041 _2eng
041 _aeng
084 _qCRL
100 _aLeslie O'Dell
_91122231
245 0 _aShakespearean Language A Guide for Actors and Students
260 _bBloomsbury
260 _bGreenwood
260 _c2001
650 _aLiterary Studies
856 _uhttps://doi.org/10.5040/9798216014096?locatt=label:secondary_bloomsburyCollections
942 _cEBOOK
999 _c1686986
_d1686986